000 01368cam a22003374a 4500
999 _c7015
_d7015
001 14079824
003 OSt
005 20210824145914.0
008 050819s2006 maua b 001 0 eng
010 _a 2005024163
020 _a0120885433 (alk. paper)
035 _a(OCoLC)ocm61451512
040 _aDLC
_cDLC
_dYDX
_dBAKER
_dCUX
_dDLC
050 0 0 _aQP624.5.D726
_bM85 2006
082 0 0 _a572.8MUL 2006
100 1 _aMüller, Hans-Joachim.
_914395
245 1 0 _aMicroarrays /
_cHans-Joachim Müller, Thomas Röder .
260 _aBurlington, MA :
_bElsevier Academic Press,
_cc2006.
300 _axv, 212 p. :
_bill. ;
_c26 cm.
440 4 _aThe experimenter series
_914396
504 _aIncludes bibliographical references (p. 201) and index.
650 0 _aDNA microarrays.
_914397
650 1 2 _aOligonucleotide Array Sequence Analysis
_xmethods.
_914398
650 2 2 _aGene Expression Profiling
_xinstrumentation.
_914399
700 1 _aRöder, Thomas.
_914400
856 4 1 _3Table of contents only
_uhttp://www.loc.gov/catdir/toc/ecip0518/2005024163.html
856 4 2 _3Publisher description
_uhttp://www.loc.gov/catdir/enhancements/fy0661/2005024163-d.html
906 _a7
_bcbc
_corignew
_d1
_eecip
_f20
_gy-gencatlg
942 _2ddc
_cO_SHELF